[Event "Krasnoyarsk Region-ch"]
[Site "Krasnoyarsk"]
[Date "2016.10.02"]
[Round "4"]
[White "Dobrovolskiy, Roman"]
[Black "Komov, Roman"]
[Result "1/2-1/2"]
[WhiteElo "2172"]
[BlackElo "2208"]
[PlyCount "78"]
[EventDate "2016.09.29"]
[EventType "swiss"]
[EventRounds "11"]
[EventCountry "RUS"]
[SourceTitle "EXT 2018"]
[Source "ChessBase"]
[SourceDate "2017.10.13"]
[SourceVersion "1"]
[SourceVersionDate "2017.10.13"]
[SourceQuality "1"]

1. e4 c5 2. Nc3 Nc6 3. g3 g6 4. Bg2 Bg7 5. d3 d6 6. Be3 e5 7. Qd2 Be6 8. Nge2 Nd4 9. 0-0 Ne7 10. Nd5 Nxd5 11. exd5 Bd7 12. Nxd4 cxd4 13. Bh6 0-0 14. Bxg7 Kxg7 15. f4 Qb6 16. f5 f6 17. g4 g5 18. h4 h6 19. hxg5 hxg5 20. a3 Rac8 21. Rab1 Qc5 22. Rfc1 Be8 23. Qb4 b6 24. Qxc5 Rxc5 25. c4 dxc3 26. Rxc3 Bb5 27. Be4 Rfc8 28. Rbc1 Kf7 29. Kf2 Ke7 30. Ke3 Rh8 31. b4 Rxc3 32. Rxc3 Kd7 33. Kf2 Rc8 34. Rxc8 Kxc8 35. Ke3 Kb7 36. Bf3 a5 37. Bd1 axb4 38. axb4 Ka6 39. Bb3 Bd7 1/2-1/2

[Event "Krasnoyarsk Region-ch"]
[Site "Krasnoyarsk"]
[Date "2015.10.17"]
[Round "10"]
[White "Komov, Roman"]
[Black "Dobrovolskiy, Roman"]
[Result "0-1"]
[WhiteElo "2129"]
[BlackElo "2136"]
[PlyCount "112"]
[EventDate "2015.10.??"]
[EventType "swiss"]
[EventRounds "11"]
[EventCountry "RUS"]
[SourceTitle "CBM 169 Extra"]
[Source "ChessBase"]
[SourceDate "2015.12.18"]
[SourceVersion "1"]
[SourceVersionDate "2015.12.18"]
[SourceQuality "1"]

1. d4 d5 2. c4 e6 3. Nc3 Nf6 4. cxd5 exd5 5. Bg5 c6 6. e3 Be7 7. Qc2 Nbd7 8. Bd3 Nh5 9. Bxe7 Qxe7 10. Nge2 g6 11. 0-0 0-0 12. Rae1 f5 13. Nc1 Qh4 14. f3 Ndf6 15. e4 fxe4 16. fxe4 Ng4 17. g3 Rxf1+ 18. Rxf1 Nxg3 19. hxg3 Qxg3+ 20. Qg2 Qe3+ 21. Kh1 Qh6+ 22. Kg1 Ne3 23. Qd2 Qg5+ 24. Kf2 Bh3 25. Qxe3 Rf8+ 26. Ke2 Bxf1+ 27. Kd2 Qg2+ 28. N1e2 Rf3 29. Qh6 b5 30. a3 c5 31. Qh4 g5 32. Qh5 cxd4 33. Qe8+ Kg7 34. Qe5+ Kh6 35. Qxd4 Qg4 36. Nxd5 Qd7 37. Ne3 Bh3 38. Qxd7 Bxd7 39. Nd4 Rf2+ 40. Be2 g4 41. Ndf5+ Kg5 42. Ke1 Rf4 43. Ng3 h5 44. Ng2 Rf8 45. Ne3 Kf4 46. Nef5 Rh8 47. Kf2 h4 48. Nf1 g3+ 49. Kg1 Kxe4 50. Nd6+ Kf4 51. Bxb5 Bxb5 52. Nxb5 h3 53. Nc3 h2+ 54. Nxh2 Rxh2 55. b4 Rc2 56. Nb5 Rd2 0-1

[Event "Krasnoyarsk Region-ch"]
[Site "Krasnoyarsk"]
[Date "2015.10.16"]
[Round "9"]
[White "Dobrovolskiy, Roman"]
[Black "Keosidi, Konstantin"]
[Result "1/2-1/2"]
[WhiteElo "2136"]
[BlackElo "2404"]
[PlyCount "108"]
[EventDate "2015.10.??"]
[EventType "swiss"]
[EventRounds "11"]
[EventCountry "RUS"]
[SourceTitle "CBM 169 Extra"]
[Source "ChessBase"]
[SourceDate "2015.12.18"]
[SourceVersion "1"]
[SourceVersionDate "2015.12.18"]
[SourceQuality "1"]

1. e4 d6 2. Nc3 c5 3. f4 Nc6 4. Nf3 g6 5. Bc4 Bg7 6. 0-0 e6 7. d3 Nge7 8. Qe1 0-0 9. f5 d5 10. Bb3 c4 11. dxc4 dxe4 12. f6 Bxf6 13. Nxe4 Bg7 14. c5 Nd4 15. Nxd4 Qxd4+ 16. Kh1 Nd5 17. c3 Qe5 18. Qh4 h6 19. Bxh6 Bxh6 20. Qxh6 Qxe4 21. Rae1 Qg4 22. Bxd5 Qh5 23. Qxh5 gxh5 24. Bf3 Bd7 25. Bxb7 Rab8 26. c6 Bc8 27. Rd1 Bxb7 28. cxb7 Rxb7 29. b3 Kg7 30. g3 a5 31. c4 a4 32. Rd3 Rfb8 33. Rb1 e5 34. Kg2 e4 35. Rc3 Rd7 36. Rc2 Rbd8 37. Re1 f5 38. b4 h4 39. c5 Kf6 40. b5 hxg3 41. hxg3 Rd3 42. b6 Rg8 43. b7 Rdxg3+ 44. Kf1 Ke5 45. Rd2 Rg1+ 46. Ke2 R1g2+ 47. Kd1 Rxd2+ 48. Kxd2 Kd5 49. Ke3 Rb8 50. Rf1 Rxb7 51. Rxf5+ Kc6 52. Kd4 Rb4+ 53. Kc3 Rb5 54. Kd4 Rb4+ 1/2-1/2

[Event "Krasnoyarsk Marchko Memorial"]
[Site "Krasnoyarsk"]
[Date "2014.12.21"]
[Round "2"]
[White "Dobrovolskiy, Roman"]
[Black "Anikonov, Dmitry"]
[Result "0-1"]
[WhiteElo "2111"]
[BlackElo "2226"]
[PlyCount "106"]
[EventDate "2014.12.20"]
[EventType "tourn"]
[EventRounds "9"]
[EventCountry "RUS"]
[SourceTitle "CBM 164 Extra"]
[Source "ChessBase"]
[SourceDate "2015.03.02"]
[SourceVersion "1"]
[SourceVersionDate "2015.03.02"]
[SourceQuality "1"]

1. e4 Nc6 2. d4 d5 3. Nc3 e6 4. e5 f6 5. exf6 Nxf6 6. Nf3 a6 7. Bd3 Bd6 8. 0-0 0-0 9. Re1 Qe8 10. Bg5 Qh5 11. Be3 Ng4 12. h3 Nxe3 13. Rxe3 Bd7 14. Ne2 Rae8 15. Ng3 Qh6 16. Qe1 Re7 17. c3 Bf4 18. Re2 Rfe8 19. Bc2 Kh8 20. Rd1 e5 21. dxe5 Nxe5 22. Nxe5 Rxe5 23. Rxd5 Rxe2 24. Nxe2 Bxh3 25. Qf1 Bh2+ 26. Kxh2 Be6+ 27. Kg1 Bxd5 28. Qd1 Qe6 29. Bd3 Bc4 30. Bxc4 Qxc4 31. Nd4 Qd5 32. Qg4 Qe4 33. Qd7 Qe1+ 34. Kh2 Qe7 35. Qg4 Qf6 36. f4 h6 37. f5 Re5 38. Qf4 c5 39. Nf3 Rxf5 40. Qb8+ Kh7 41. Qxb7 Qd6+ 42. Kg1 Qd1+ 43. Kh2 Qe2 44. a4 a5 45. Kg1 Qe3+ 46. Kh2 Qf4+ 47. Kg1 Qxa4 48. Qe7 Qd1+ 49. Kh2 Qd5 50. Kh3 Rf6 51. Qa7 c4 52. Kh2 Qd6+ 53. Kg1 Qb6+ 0-1

[Event "Krasnoyarsk Marchko Memorial"]
[Site "Krasnoyarsk"]
[Date "2014.12.20"]
[Round "1"]
[White "Dobrovolskiy, Roman"]
[Black "Komov, Roman"]
[Result "1-0"]
[WhiteElo "2111"]
[BlackElo "2070"]
[PlyCount "91"]
[EventDate "2014.12.20"]
[EventType "tourn"]
[EventRounds "9"]
[EventCountry "RUS"]
[SourceTitle "CBM 164 Extra"]
[Source "ChessBase"]
[SourceDate "2015.03.02"]
[SourceVersion "1"]
[SourceVersionDate "2015.03.02"]
[SourceQuality "1"]

1. f4 d5 2. b3 Nf6 3. Bb2 g6 4. e3 Bg7 5. Nf3 0-0 6. Be2 c5 7. 0-0 Nc6 8. h3 a6 9. a4 Qb6 10. Ne5 Rd8 11. Nxc6 Qxc6 12. Bf3 b6 13. Qe2 Bb7 14. d3 Rac8 15. Nd2 b5 16. c4 Qd7 17. axb5 axb5 18. Ra7 Ra8 19. Rfa1 Qc7 20. Rxa8 Bxa8 21. Be5 Qb6 22. d4 Bc6 23. dxc5 Qxc5 24. Bd4 Qb4 25. Ra6 Rc8 26. Bxf6 Bxf6 27. cxd5 Bb7 28. Rb6 Rc7 29. Rxb5 Qc3 30. Ne4 Qa1+ 31. Kh2 Ba6 32. Nxf6+ Qxf6 33. Rb8+ Kg7 34. Qd2 Rd7 35. e4 g5 36. Kg3 h6 37. Bg4 Rc7 38. e5 Rc3+ 39. Bf3 gxf4+ 40. Qxf4 Qg6+ 41. Qg4 Qxg4+ 42. Kxg4 h5+ 43. Kf4 h4 44. b4 Rb3 45. d6 exd6 46. exd6 1-0

[Event "Krasnoyarsk-ch"]
[Site "Krasnoyarsk"]
[Date "2014.02.06"]
[Round "8"]
[White "Piskunova, Maria"]
[Black "Dobrovolskiy, Roman"]
[Result "0-1"]
[WhiteElo "1875"]
[BlackElo "2171"]
[PlyCount "74"]
[EventDate "2014.01.30"]
[EventType "tourn"]
[EventRounds "11"]
[EventCountry "RUS"]
[SourceTitle "EXT 2016"]
[Source "ChessBase"]
[SourceDate "2015.10.08"]
[SourceVersion "1"]
[SourceVersionDate "2015.10.08"]
[SourceQuality "1"]

1. e4 g6 2. d4 Bg7 3. g3 d6 4. Bg2 Nf6 5. Ne2 c6 6. Nbc3 0-0 7. 0-0 a5 8. h3 e5 9. a4 Na6 10. g4 Nb4 11. Na2 Re8 12. Nxb4 axb4 13. Ng3 exd4 14. Qxd4 Nxe4 15. Qxb4 Nxg3 16. fxg3 d5 17. Bf4 Qa5 18. Qb3 Qc5+ 19. Kh2 b6 20. Qf3 Be6 21. c3 Qc4 22. Qd1 Bd7 23. Rf2 Qc5 24. Qf3 Re4 25. Bd2 Qe7 26. b4 Rxb4 27. Re1 Re4 28. Rxe4 dxe4 29. Qe3 c5 30. Bxe4 Re8 31. Re2 Bxa4 32. Qf2 Bc6 33. Bf3 Qd7 34. Bxc6 Qxc6 35. Rxe8+ Qxe8 36. c4 Qe4 37. Qf1 Qc2 0-1

[Event "Krasnoyarsk-ch"]
[Site "Krasnoyarsk"]
[Date "2014.02.02"]
[Round "4"]
[White "Dobrovolskiy, Roman"]
[Black "Kostyleva, Alexandra"]
[Result "1/2-1/2"]
[WhiteElo "2171"]
[BlackElo "1904"]
[PlyCount "74"]
[EventDate "2014.01.30"]
[EventType "tourn"]
[EventRounds "11"]
[EventCountry "RUS"]
[SourceTitle "EXT 2016"]
[Source "ChessBase"]
[SourceDate "2015.10.08"]
[SourceVersion "1"]
[SourceVersionDate "2015.10.08"]
[SourceQuality "1"]

1. e4 d6 2. f4 g6 3. Nf3 Bg7 4. d4 Nf6 5. Nc3 c6 6. a4 a5 7. Bd3 Na6 8. e5 Nd5 9. Nxd5 cxd5 10. Bb5+ Bd7 11. exd6 exd6 12. Qe2+ Qe7 13. Bxd7+ Kxd7 14. Be3 Rhe8 15. Kf2 Nb4 16. Ra3 Kd8 17. Re1 Qe4 18. Rc3 Rc8 19. Rxc8+ Kxc8 20. Ng5 Qf5 21. g4 Qd7 22. Qb5 Qxb5 23. axb5 Bxd4 24. Bxd4 Rxe1 25. Kxe1 Nxc2+ 26. Kd2 Nxd4 27. Nxf7 Kd7 28. Ng5 h6 29. Nf7 h5 30. f5 hxg4 31. fxg6 Nf5 32. g7 Nxg7 33. Nh6 Ke6 34. Nxg4 Kf5 35. Nh6+ Kg6 36. Ng4 Ne6 37. Kd3 Kf5 1/2-1/2

[Event "Krasnoyarsk-ch"]
[Site "Krasnoyarsk"]
[Date "2014.01.31"]
[Round "2"]
[White "Dobrovolskiy, Roman"]
[Black "Levshenkov, Andrey"]
[Result "1-0"]
[WhiteElo "2171"]
[BlackElo "1977"]
[PlyCount "55"]
[EventDate "2014.01.30"]
[EventType "tourn"]
[EventRounds "11"]
[EventCountry "RUS"]
[SourceTitle "EXT 2016"]
[Source "ChessBase"]
[SourceDate "2015.10.08"]
[SourceVersion "1"]
[SourceVersionDate "2015.10.08"]
[SourceQuality "1"]

1. e4 d6 2. d4 Nf6 3. Nc3 h6 4. g3 c6 5. a4 Qa5 6. Bg2 e5 7. Nge2 Be7 8. 0-0 Nbd7 9. h3 Qb6 10. Be3 Qc7 11. Qd2 b6 12. g4 Bb7 13. Ng3 g5 14. Nf5 Bf8 15. b4 a6 16. b5 cxb5 17. axb5 a5 18. Rfd1 0-0-0 19. Nd5 Bxd5 20. exd5 Kb8 21. dxe5 Nxe5 22. Nd4 Re8 23. Nc6+ Nxc6 24. bxc6 Rxe3 25. Qxe3 Bg7 26. Rdb1 Nxd5 27. Bxd5 Bxa1 28. Rxb6+ 1-0

[Event "Krasnoyarsk Marchko Memorial"]
[Site "Krasnoyarsk"]
[Date "2013.12.22"]
[Round "2"]
[White "Dobrovolskiy, Roman"]
[Black "Mikhalchenko, Petr"]
[Result "1/2-1/2"]
[WhiteElo "2171"]
[BlackElo "2350"]
[PlyCount "30"]
[EventDate "2013.12.21"]
[EventType "swiss"]
[EventRounds "9"]
[EventCountry "RUS"]
[SourceTitle "CBM 158 Extra"]
[Source "ChessBase"]
[SourceDate "2014.02.28"]
[SourceVersion "1"]
[SourceVersionDate "2014.02.28"]
[SourceQuality "1"]

1. d4 d5 2. c4 c6 3. cxd5 cxd5 4. Nc3 Nf6 5. Nf3 Nc6 6. Bf4 Bf5 7. e3 e6 8. Bd3 Bxd3 9. Qxd3 Bd6 10. Bg3 Bxg3 11. hxg3 0-0 12. 0-0 a6 13. a3 Qd6 14. Rfc1 Rfc8 15. b4 b5 1/2-1/2

[Event "Krasnoyarsk City-ch"]
[Site "Krasnoyarsk"]
[Date "2013.10.10"]
[Round "8"]
[White "Dobrovolskiy, Roman"]
[Black "Pavlov, Oleg Yuryevich"]
[Result "1-0"]
[WhiteElo "2170"]
[BlackElo "2187"]
[PlyCount "97"]
[EventDate "2013.10.03"]
[EventType "swiss"]
[EventRounds "11"]
[EventCountry "RUS"]
[SourceTitle "EXT 2014"]
[Source "ChessBase"]
[SourceDate "2013.11.20"]
[SourceVersion "1"]
[SourceVersionDate "2013.11.20"]
[SourceQuality "1"]

1. e4 c6 2. d4 d5 3. Nc3 dxe4 4. Nxe4 Bf5 5. Ng3 Bg6 6. h4 h6 7. h5 Bh7 8. Nf3 e6 9. Bd3 Bxd3 10. Qxd3 Nf6 11. Bf4 Qa5+ 12. Bd2 Qc7 13. 0-0-0 Nbd7 14. Qe2 0-0-0 15. Ne5 Nb6 16. c4 Rxd4 17. Be3 Rxd1+ 18. Rxd1 Rg8 19. Bf4 Bd6 20. c5 Bxc5 21. Ng6 e5 22. Bxe5 Re8 23. Bxc7 Rxe2 24. Bxb6 axb6 25. Nxe2 fxg6 26. hxg6 Bxf2 27. Nd4 Bxd4 28. Rxd4 Nd5 29. Rd3 Nf4 30. Rf3 Nxg6 31. Rf7 b5 32. Rxg7 Ne5 33. Rh7 Ng4 34. Kd2 c5 35. Kd3 Kb8 36. Rg7 Nf2+ 37. Ke2 Ne4 38. Rh7 h5 39. Ke3 Nf6 40. Rf7 Ng4+ 41. Kf4 Nf2 42. Rd7 c4 43. Ke3 Ng4+ 44. Kd4 b4 45. Rd5 c3 46. bxc3 bxc3 47. Kxc3 h4 48. Rg5 Nf2 49. Kd4 1-0

[Event "Krasnoyarsk op"]
[Site "Krasnoyarsk"]
[Date "2011.10.07"]
[Round "9"]
[White "Dobrovolskiy, Roman"]
[Black "Grigorian, Marine"]
[Result "1-0"]
[WhiteElo "2147"]
[BlackElo "2190"]
[PlyCount "81"]
[EventDate "2011.09.29"]
[EventType "swiss"]
[EventRounds "11"]
[EventCountry "RUS"]
[SourceTitle "EXT 2013"]
[Source "ChessBase"]
[SourceDate "2012.11.22"]
[SourceVersion "1"]
[SourceVersionDate "2012.11.22"]
[SourceQuality "1"]

1. e4 d6 2. f4 Nf6 3. Nc3 d5 4. e5 d4 5. exf6 dxc3 6. fxg7 cxd2+ 7. Qxd2 Qxd2+ 8. Bxd2 Bxg7 9. 0-0-0 0-0 10. Bd3 Nc6 11. Nf3 Bg4 12. Rde1 Rfd8 13. h3 Be6 14. a3 Bd5 15. Rhf1 Rab8 16. Bc3 Bxc3 17. bxc3 b5 18. Ne5 Na5 19. Ng4 Kf8 20. Bxh7 Nc4 21. Ne3 Nxa3 22. Nxd5 Rxd5 23. Rd1 Rc5 24. Rf3 Kg7 25. Be4 f5 26. Rd5 Rxd5 27. Bxd5 Nc4 28. g4 fxg4 29. hxg4 Rh8 30. Bxc4 bxc4 31. Re3 Kf6 32. g5+ Kf5 33. Rxe7 Kxf4 34. g6 Rg8 35. g7 a6 36. Rxc7 Kf5 37. Kb2 Kf6 38. Ka3 Rxg7 39. Rxg7 Kxg7 40. Kb4 Kf6 41. Ka5 1-0

[Event "Krasnoyarsk Marchko Memorial"]
[Site "Krasnoyarsk"]
[Date "2010.12.24"]
[Round "8"]
[White "Keosidi, Konstantin"]
[Black "Dobrovolskiy, Roman"]
[Result "1-0"]
[WhiteElo "2377"]
[BlackElo "2169"]
[PlyCount "103"]
[EventDate "2010.12.17"]
[EventType "tourn"]
[EventRounds "9"]
[EventCountry "RUS"]
[SourceTitle "CBM 140 Extra"]
[Source "ChessBase"]
[SourceDate "2011.03.01"]
[SourceVersion "1"]
[SourceVersionDate "2011.03.01"]
[SourceQuality "1"]

1. e4 e5 2. Nf3 Nc6 3. Bc4 Nf6 4. d3 Be7 5. a4 0-0 6. Nbd2 d6 7. h3 Be6 8. c3 Bxc4 9. Nxc4 d5 10. Ncxe5 Nxe5 11. Nxe5 dxe4 12. d4 c5 13. Be3 cxd4 14. Bxd4 Qc7 15. Ng4 Qc6 16. 0-0 Rfe8 17. Re1 Rad8 18. Qe2 a6 19. Rad1 Nxg4 20. Qxg4 Bf8 21. Re3 g6 22. Rde1 f5 23. Qh4 Rd6 24. f3 Rde6 25. fxe4 fxe4 26. Qg5 Bg7 27. Bxg7 Kxg7 28. Qa5 Qb6 29. Qxb6 Rxb6 30. b4 Rbe6 31. Rf1 h6 32. Rf4 g5 33. Rf5 Kg6 34. Rd5 h5 35. Kf2 h4 36. c4 Re5 37. Rd6+ R8e6 38. Rxe6+ Rxe6 39. Rc3 Kf5 40. Ke3 Ke5 41. c5 Kd5 42. Rc2 Re7 43. Rc1 Re6 44. Rd1+ Kc4 45. Rd6 Re7 46. c6 b5 47. Rd4+ Kc3 48. axb5 axb5 49. Rd7 Re6 50. c7 Rc6 51. Kxe4 Kc4 52. Ke5 1-0

[Event "Krasnoyarsk Marchko Memorial"]
[Site "Krasnoyarsk"]
[Date "2010.12.23"]
[Round "7"]
[White "Dobrovolskiy, Roman"]
[Black "Avdeenko, Tatiana"]
[Result "0-1"]
[WhiteElo "2169"]
[BlackElo "2185"]
[PlyCount "100"]
[EventDate "2010.12.17"]
[EventType "tourn"]
[EventRounds "9"]
[EventCountry "RUS"]
[SourceTitle "CBM 140 Extra"]
[Source "ChessBase"]
[SourceDate "2011.03.01"]
[SourceVersion "1"]
[SourceVersionDate "2011.03.01"]
[SourceQuality "1"]

1. e4 d6 2. d4 Nf6 3. Nc3 e5 4. Nf3 Nbd7 5. Bc4 Be7 6. 0-0 0-0 7. Re1 c6 8. a4 exd4 9. Nxd4 Ne5 10. Bf1 Re8 11. h3 Bd7 12. Bg5 h6 13. Bf4 Qb6 14. Qd2 a5 15. Kh2 Bf8 16. Be3 Qb4 17. b3 Rad8 18. f3 Ng6 19. g3 Bc8 20. Bg2 d5 21. exd5 Nxd5 22. Nxd5 Rxd5 23. c3 Qb6 24. f4 Rdd8 25. Qc2 Bc5 26. Bf2 Nf8 27. Rxe8 Rxe8 28. Rd1 Nh7 29. Rd2 Nf6 30. Re2 Rxe2 31. Qxe2 Be6 32. g4 Bxd4 33. Bxd4 Qxb3 34. Qe5 Qc2 35. Kg3 Qd3+ 36. Kh2 Qc2 37. Kg3 h5 38. gxh5 Qd3+ 39. Kh2 Kh7 40. h6 Bd5 41. hxg7 Bxg2 42. Kxg2 Qg6+ 43. Qg5 Qc2+ 44. Kh1 Qd1+ 45. Kh2 Qd2+ 46. Kh1 Qd1+ 47. Qg1 Qf3+ 48. Qg2 Qxg2+ 49. Kxg2 Nh5 50. Kf3 b5 0-1